|
|
|
|
| LEADER |
00000cam a2200000 a 4500 |
| 005 |
2011070506526.0 |
| 008 |
060928s2006 cl l 000 0 spa |
| 010 |
|
|
|a 2008350955
|
| 020 |
|
|
|a 9561016796
|
| 035 |
|
|
|a 5361
|
| 040 |
|
|
|a DLC
|c DLC
|d vLex
|
| 043 |
|
|
|a s-cl---
|
| 050 |
0 |
0 |
|a KHF481
|b .S55 2006
|
| 090 |
|
|
|c 2164
|d 2164
|
| 100 |
1 |
|
|a Silva Montes, Rodrigo.
|
| 245 |
1 |
0 |
|a Manual de tribunales de familia /
|c Rodrigo Silva Montes.
|h [Recurso electrn̤ico]
|
| 250 |
|
|
|a 2. ed. actualizada.
|
| 256 |
|
|
|a Servicio en ln̕ea.
|
| 260 |
|
|
|a Santiago de Chile :
|b Editorial Jurídica de Chile,
|c [2006]
|
| 300 |
|
|
|a 170 p. ;
|c 26 cm.
|
| 490 |
0 |
|
|a Coleccin̤ Manuales jurd̕icos
|
| 506 |
1 |
|
|a Contenido solo disponible en los productos indicados
|d vLex Global
|d vLex Global (Academic Edition, excluding Law Schools)
|d vLex Global (U.S. Academic Edition, Law Schools)
|d vLex Global (U.S. Academic Edition, excluding Law Schools)
|d vLex Global (Academic Edition, Law Schools)
|
| 650 |
|
0 |
|a Domestic relations courts
|z Chile.
|
| 650 |
|
0 |
|a Domestic relations courts
|z Chile
|v Rules and practice.
|
| 740 |
0 |
|
|a vLex Libros (Servicio en ln̕ea)
|
| 856 |
4 |
0 |
|u http://vlex.com/source/manual-tribunales-familia-5361
|z Acceso restringido
|
| 942 |
|
|
|c BOOK
|
| 955 |
|
|
|a oc05 01-22-2008
|c sg29 2008-07-08
|